Statistics for Lamezia Terme Int. Airport Destinations (Lamezia Terme, Italy)

Click here to take the quiz!

General Stats

  • This quiz has been taken 27 times
  • The average score is 28 of 40

Answer Stats

AirlineDestination% Correct
TUI AirwaysLondon (Gatwick)
100%
RyanairLondon (Stansted)
100%
TUI fly BelgiumBrussels
95%
ITA AirwaysRome (Fiumicino)
95%
ITA AirwaysMilan (Linate)
89%
easyJet/Neos/Ryanair/Wizz AirMilan (Malpensa)
89%
Condor/Eurowings Discover/MarabuMunich
89%
Ryanair/Wizz AirTurin
89%
Austrian Airlines/RyanairVienna
89%
Condor/EurowingsDusseldorf
84%
TransaviaParis (Orly)
84%
EurowingsStuttgart
84%
RyanairVenice
84%
Condor/Eurowings DiscoverFrankfurt
79%
easyJetGeneva
79%
Edelweiss AirZurich
79%
EurowingsCologne/Bonn
74%
Neos/RyanairVerona
74%
easyJetBasel/Mulhouse
68%
RyanairBologna
68%
SkyAlpsBolzano
68%
RyanairGenoa
68%
EurowingsHannover
68%
LuxairLuxembourg
68%
TUI AirwaysManchester
68%
RyanairNuremberg
68%
RyanairPisa
68%
SmartwingsPrague
63%
AlbaStar/RyanairBergamo
58%
RyanairKrakow
58%
Air TransatToronto (Pearson)
58%
RyanairKarlsruhe/Baden-Baden
53%
RyanairCharleroi
47%
EurowingsInnsbruck
47%
RyanairMalta
47%
RyanairMemmingen
47%
RyanairTreviso
47%
EurowingsSalzburg
42%
Wizz AirTirana
37%
SmartwingsBrno
26%

Score Distribution

Percentile by Number Answered

Percent of People with Each Score

Your Score History

You have not taken this quiz